| 000 | 00457nam a2200157 a 4500 | ||
|---|---|---|---|
| 005 | 20210219153205.0 | ||
| 008 | 991125n 000 0 spa u | ||
| 035 | _aUPN01000083319 | ||
| 100 | _aGarcia Guadilla, Carmen | ||
| 222 | _aPERFILES EDUCATIVOS | ||
| 245 | _aIntegración y contextualización en el ámbito de la globalización | ||
| 300 | _a16-30 | ||
| 362 | _a1997 Nos. 76-77, vol. XIX, 3a. época | ||
| 904 |
_aAC _b021130 |
||
| 905 | _aArticulo | ||
| 999 |
_c70628 _d70628 |
||